Planeamiento estratégico para JUROH S.A
Furkejuvvon:
| Váldodahkki: | |
|---|---|
| Eará dahkkit: | |
| Materiálatiipa: | Girji |
| Almmustuhtton: |
San José, C.R.
1996
|
| Fáttát: | |
| Fáddágilkorat: |
Lasit fáddágilkoriid
Eai fáddágilkorat, Lasit vuosttaš fáddágilkora!
|
MARC
| LEADER | 00000nam a2200000Ia 4500 | ||
|---|---|---|---|
| 003 | 007937 | ||
| 005 | 20221231144237.0 | ||
| 008 | 140114s1996 cr a m 000 ||s d | ||
| 040 | |c cru CEDI | ||
| 090 | |a TFG 3493 | ||
| 100 | |a Redondo Varela, Nydia |9 9823 | ||
| 245 | |a Planeamiento estratégico para JUROH S.A | ||
| 260 | |c 1996 |a San José, C.R. | ||
| 300 | |a xii, [284] hojas : ilustraciones | ||
| 500 | |a Proyecto de graduación (licenciatura en ingeniería industrial)--Universidad de Costa Rica. Facultad de Ingeniería. Escuela de Ingeniería Industrial | ||
| 650 | |x JUROH (COSTA RICA) - ADMINISTRACION |x PLANIFICACION ESTRATEGICA |9 9825 | ||
| 700 | |9 9824 |a Salas Cordero, Carlos | ||
| 942 | |c TFG | ||
| 999 | |c 18980 |d 18980 | ||
